000 00446nam a2200157Ia 4500
005 20250404103909.0
008 231217s9999 xx 000 0 und d
020 _a9788131406946
082 _a658.7882 ALA;1 R
100 _aAlagiri, Dhandapani ed.
245 0 _aTransport sector in India recent developments
260 _c2007
_bICFAI Press
_aHyderabad
300 _axv, 233
650 _aTransport,India,recent,developments
942 _cAA
999 _c191534
_d191534